[Event "SLO-chT2 West"]
[Site "Komenda"]
[Date "2021.11.27"]
[Round "2.1"]
[White "Leonardi, Caterina"]
[Black "Trussevich, Sergey"]
[Result "0-1"]
[WhiteElo "1994"]
[BlackElo "2188"]
[PlyCount "90"]
[EventDate "2021.11.27"]
[EventType "team-tourn"]
[EventRounds "7"]
[EventCountry "SLO"]
[SourceTitle "EXT 2024"]
[Source "ChessBase"]
[SourceDate "2023.10.10"]
[SourceVersion "1"]
[SourceVersionDate "2023.10.10"]
[SourceQuality "1"]
[WhiteTeam "Komenda SK II"]
[BlackTeam "Ljubljana SK"]
[WhiteTeamCountry "SLO"]
[BlackTeamCountry "SLO"]

1. c4 c5 2. Nf3 e6 3. g3 b6 4. Bg2 Bb7 5. 0-0 Nf6 6. Nc3 Be7 7. d4 cxd4 8. Nb5 a6 9. Nbxd4 0-0 10. b3 Qc7 11. Bb2 d6 12. Rc1 Nbd7 13. b4 Rac8 14. Bh3 Rfe8 15. Ng5 Nf8 16. f3 Bd8 17. Qd3 h6 18. Ne4 Nxe4 19. fxe4 Bg5 20. e3 Nd7 21. Nf3 Bf6 22. Bd4 Red8 23. Nd2 Ne5 24. Qe2 Bg5 25. a3 Rd7 26. Rc3 Nc6 27. Rfc1 Nxd4 28. exd4 Bxd2 29. Qxd2 Bxe4 30. d5 Re7 31. dxe6 fxe6 32. Re1 d5 33. cxd5 Qxc3 34. Qxc3 Rxc3 35. Rxe4 Rd3 36. Bxe6+ Kf8 37. Rf4+ Ke8 38. Rc4 Rb7 39. a4 b5 40. axb5 axb5 41. Rc5 Rd2 42. Bh3 Ra7 43. Bf1 Rd1 44. Rxb5 Raa1 45. Rb8+ Kf7 0-1

[Event "Portoroz Nat Festival 30th"]
[Site "Portoroz"]
[Date "2020.09.04"]
[Round "2"]
[White "Trussevich, Sergey"]
[Black "Bajo, Tin"]
[Result "1-0"]
[WhiteElo "2208"]
[BlackElo "2039"]
[PlyCount "79"]
[EventDate "2020.09.03"]
[EventType "swiss"]
[EventRounds "9"]
[EventCountry "SLO"]
[SourceTitle "CBM 198 Extra"]
[Source "ChessBase"]
[SourceDate "2020.11.30"]
[SourceVersion "1"]
[SourceVersionDate "2020.11.30"]
[SourceQuality "1"]

1. c4 e6 2. d4 d5 3. Nc3 Nf6 4. Nf3 Be7 5. Bf4 0-0 6. e3 b6 7. cxd5 Nxd5 8. Nxd5 exd5 9. Bd3 c5 10. 0-0 c4 11. Bc2 Bg4 12. b3 b5 13. bxc4 bxc4 14. Qb1 Bxf3 15. gxf3 Nc6 16. Bxh7+ Kh8 17. Bf5 Bd6 18. Bg3 Rb8 19. Qc2 g6 20. Bh3 f5 21. Qa4 Qc7 22. f4 Rb2 23. Bg2 Ne7 24. Bh4 Qb7 25. Rfc1 Rb4 26. Qd1 Rc8 27. Qf3 Kg7 28. Bg5 Rb5 29. h4 c3 30. h5 c2 31. Qg3 Ba3 32. Bxe7 Qxe7 33. Qxg6+ Kh8 34. Qh6+ Qh7 35. Qa6 Rg8 36. Qxb5 Rxg2+ 37. Kxg2 Qg7+ 38. Kf1 Qg4 39. Qe8+ Kg7 40. Qg6+ 1-0

[Event "Oberliga Wuerttemberg 1920"]
[Site "Wuerttemberg"]
[Date "2020.03.01"]
[Round "8.3"]
[White "Krockenberger, Martin"]
[Black "Trussevich, Sergey"]
[Result "1-0"]
[WhiteElo "2149"]
[BlackElo "2314"]
[PlyCount "105"]
[EventDate "2019.09.15"]
[EventType "team-tourn"]
[EventRounds "9"]
[EventCountry "GER"]
[SourceTitle "EXT 2021"]
[Source "ChessBase"]
[SourceDate "2020.10.23"]
[SourceVersion "1"]
[SourceVersionDate "2020.10.23"]
[SourceQuality "1"]
[WhiteTeam "Schmiden Cannstatt"]
[BlackTeam "Jedesheim"]
[WhiteTeamCountry "GER"]
[BlackTeamCountry "GER"]

1. d4 Nf6 2. c4 e6 3. g3 c5 4. d5 exd5 5. cxd5 b5 6. Bg2 d6 7. e4 Nbd7 8. Ne2 Rb8 9. 0-0 g6 10. h3 Bg7 11. g4 0-0 12. Ng3 c4 13. Be3 Qc7 14. Nc3 Ne5 15. Qd2 Re8 16. Bd4 Nd3 17. Nce2 Nc5 18. f3 Ba6 19. Kh2 b4 20. Rg1 Rec8 21. Bf1 Ne8 22. Bxg7 Nxg7 23. Nd4 Nd7 24. Qh6 Nf6 25. Ngf5 Nxf5 26. gxf5 Qe7 27. Nc6 Rxc6 28. dxc6 Qe5+ 29. Kh1 Qxb2 30. fxg6 hxg6 31. Rc1 Qd4 32. Bg2 Rb5 33. Rgd1 Qc5 34. f4 Qe3 35. Re1 Qg3 36. e5 dxe5 37. Red1 Rb8 38. c7 Re8 39. Rd8 exf4 40. Bd5 Bc8 41. Rg1 Qxh3+ 42. Qxh3 Bxh3 43. Rxg6+ Kh7 44. Rxf6 Re5 45. Rxf7+ Kg6 46. Rg8+ Kh6 47. Bxc4 f3 48. Rh8+ Kg5 49. Rxh3 Rc5 50. Rg3+ Kh6 51. Bd3 Rh5+ 52. Kg1 f2+ 53. Kxf2 1-0

[Event "Oberliga Wuerttemberg 1920"]
[Site "Wuerttemberg"]
[Date "2020.01.19"]
[Round "6.5"]
[White "Balacek, Tadeas"]
[Black "Trussevich, Sergey"]
[Result "1-0"]
[WhiteElo "2319"]
[BlackElo "2314"]
[PlyCount "57"]
[EventDate "2019.09.15"]
[EventType "team-tourn"]
[EventRounds "9"]
[EventCountry "GER"]
[SourceTitle "EXT 2021"]
[Source "ChessBase"]
[SourceDate "2020.10.23"]
[SourceVersion "1"]
[SourceVersionDate "2020.10.23"]
[SourceQuality "1"]
[WhiteTeam "Weiler im Allgaeu"]
[BlackTeam "Jedesheim"]
[WhiteTeamCountry "GER"]
[BlackTeamCountry "GER"]

1. d4 Nf6 2. Nf3 e6 3. e3 Be7 4. Bd3 c5 5. 0-0 b6 6. c4 Bb7 7. Nc3 a6 8. b3 0-0 9. d5 exd5 10. cxd5 d6 11. e4 b5 12. a4 c4 13. bxc4 bxc4 14. Be2 Nbd7 15. Rb1 Rb8 16. Be3 Qa5 17. Qd2 Nc5 18. Nd4 Rfe8 19. Nf5 Bf8 20. Bd4 Ncd7 21. Qg5 Kh8 22. f4 Qc7 23. Rf3 h6 24. Rh3 Qd8 25. Rf1 g6 26. Rxh6+ Kg8 27. Rxg6+ fxg6 28. Qxg6+ Kh8 29. Rf3 1-0

[Event "Palmanova op 8th"]
[Site "Palmanova"]
[Date "2019.12.07"]
[Round "3"]
[White "Lumachi, Gabriele"]
[Black "Trussevich, Sergey"]
[Result "1/2-1/2"]
[WhiteElo "2241"]
[BlackElo "2280"]
[PlyCount "135"]
[EventDate "2019.12.06"]
[EventType "swiss"]
[EventRounds "5"]
[EventCountry "ITA"]
[SourceTitle "CBM 193 Extra"]
[Source "ChessBase"]
[SourceDate "2020.01.31"]
[SourceVersion "1"]
[SourceVersionDate "2020.01.31"]
[SourceQuality "1"]

1. Nf3 c5 2. c4 e6 3. g3 b6 4. Bg2 Bb7 5. 0-0 Nf6 6. b3 Be7 7. Bb2 0-0 8. d3 a6 9. Na3 Qc7 10. e3 Bc6 11. Qe2 Qb7 12. e4 d6 13. Nd2 b5 14. f4 Nfd7 15. Bh3 Re8 16. Nc2 Qc7 17. g4 bxc4 18. Nxc4 d5 19. Nd2 dxe4 20. Nxe4 Bb7 21. Ne3 Nc6 22. Rac1 Qd8 23. g5 Nd4 24. Qf2 Bf8 25. Bg2 Rb8 26. Ng4 Nf5 27. h4 Bxe4 28. dxe4 Nd4 29. Kh1 f5 30. Ne3 g6 31. Rcd1 Nb6 32. Nc2 Bg7 33. e5 Nd5 34. Nxd4 cxd4 35. Rxd4 Qa5 36. Bxd5 exd5 37. Ra4 Qb5 38. Rd1 Rbc8 39. Qg2 Kh8 40. Rad4 Qa5 41. Ra4 Qc5 42. Bd4 Qb5 43. Qd2 Qc6 44. Qd3 Re6 45. Ra5 Bf8 46. Kg1 Bb4 47. Ra4 Qb7 48. Bf2 d4 49. a3 Bc5 50. Rc4 Bxa3 51. Rxc8+ Qxc8 52. Qxd4 Qc6 53. Qd8+ Re8 54. Qf6+ Qxf6 55. gxf6 Kg8 56. Rd7 Re6 57. Rg7+ Kh8 58. Rb7 Kg8 59. Rb8+ Kf7 60. Rh8 Rc6 61. Rxh7+ Ke6 62. Ra7 Bb4 63. Kg2 a5 64. Rg7 Rc2 65. Kf1 Rc1+ 66. Kg2 Rc2 67. Kf1 Rc1+ 68. Kg2 1/2-1/2

[Event "SLO-chT 29th"]
[Site "Slovenia"]
[Date "2019.11.22"]
[Round "4.1"]
[White "Trussevich, Sergey"]
[Black "Marn, Jan"]
[Result "0-1"]
[WhiteElo "2297"]
[BlackElo "2198"]
[PlyCount "141"]
[EventDate "2019.09.06"]
[EventType "team-tourn"]
[EventRounds "9"]
[EventCountry "SLO"]
[SourceTitle "CBM 193 Extra"]
[Source "ChessBase"]
[SourceDate "2020.01.31"]
[SourceVersion "1"]
[SourceVersionDate "2020.01.31"]
[SourceQuality "1"]
[WhiteTeam "Ljubljana"]
[BlackTeam "Maribor"]
[WhiteTeamCountry "SLO"]
[BlackTeamCountry "SLO"]

1. Nf3 d5 2. b3 Nf6 3. Bb2 e6 4. e3 Be7 5. Be2 0-0 6. 0-0 b6 7. c4 Bb7 8. a3 c5 9. cxd5 Nxd5 10. d3 Bf6 11. Ra2 Nd7 12. Qc2 a5 13. Nbd2 a4 14. Bxf6 N7xf6 15. Rc1 axb3 16. Qxb3 Bc6 17. Qb2 Ba4 18. Bf1 Rc8 19. g3 b5 20. Nb1 Qa5 21. Ne5 Rfd8 22. e4 Nb6 23. Nc3 c4 24. dxc4 bxc4 25. Qb4 Qxe5 26. Nxa4 Nxa4 27. Qxa4 c3 28. Bg2 h6 29. Rac2 Rd4 30. Qa6 Rdc4 31. Qa7 R4c7 32. Qb6 Nd7 33. Qe3 Qa5 34. a4 Nb6 35. Bf1 Nxa4 36. Qd4 Nb2 37. h3 Qc5 38. Qxc5 Rxc5 39. f4 Kf8 40. Kf2 Ra8 41. Be2 Ra3 42. Ke3 Rc7 43. Kd4 f6 44. e5 Rd7+ 45. Ke3 fxe5 46. Rxc3 exf4+ 47. Kxf4 Rxc3 48. Rxc3 Ke7 49. h4 Kf6 50. Ke4 Ra7 51. Rc6 Ra4+ 52. Ke3 Rb4 53. Kf2 Kf5 54. Rc7 g6 55. Rf7+ Ke5 56. Rf8 Na4 57. Bd3 Rb2+ 58. Kf1 g5 59. h5 Kd4 60. Be2 Nc3 61. Rd8+ Ke5 62. Bf3 Nb1 63. Bg4 Nd2+ 64. Kg2 Ne4+ 65. Kf3 Nf6 66. Rh8 Rb3+ 67. Kg2 Nxg4 68. Rc8 Ke4 69. Rc4+ Kf5 70. Rc8 e5 71. Rc7 0-1

[Event "St Veit op 38th"]
[Site "St Veit"]
[Date "2019.07.12"]
[Round "8"]
[White "Trussevich, Sergey"]
[Black "Rogic, Davor"]
[Result "1-0"]
[WhiteElo "2239"]
[BlackElo "2498"]
[PlyCount "47"]
[EventDate "2019.07.06"]
[EventType "swiss"]
[EventRounds "9"]
[EventCountry "AUT"]
[SourceTitle "EXT 2020"]
[Source "ChessBase"]
[SourceDate "2019.10.17"]
[SourceVersion "1"]
[SourceVersionDate "2019.10.17"]
[SourceQuality "1"]

1. d4 d5 2. c4 c6 3. cxd5 cxd5 4. Nc3 e5 5. e4 dxe4 6. Bb5+ Bd7 7. dxe5 Qa5 8. Bc4 Nc6 9. Bxf7+ Kxf7 10. Qxd7+ Nge7 11. Nh3 h6 12. 0-0 b6 13. Nxe4 Qxe5 14. Nd6+ Kg8 15. Bf4 Qf6 16. Qg4 Kh7 17. Rad1 Ng6 18. Ne4 Qe7 19. Rfe1 Nxf4 20. Neg5+ hxg5 21. Nxg5+ Kh6 22. Rxe7 Bxe7 23. Nf7+ Kh7 24. Nxh8 1-0

[Event "St Veit op 38th"]
[Site "St Veit"]
[Date "2019.07.11"]
[Round "7"]
[White "Peyrer, Konstantin"]
[Black "Trussevich, Sergey"]
[Result "0-1"]
[WhiteElo "2305"]
[BlackElo "2239"]
[PlyCount "106"]
[EventDate "2019.07.06"]
[EventType "swiss"]
[EventRounds "9"]
[EventCountry "AUT"]
[SourceTitle "EXT 2020"]
[Source "ChessBase"]
[SourceDate "2019.10.17"]
[SourceVersion "1"]
[SourceVersionDate "2019.10.17"]
[SourceQuality "1"]

1. e4 c5 2. Nf3 e6 3. d4 cxd4 4. Nxd4 a6 5. Nc3 Qc7 6. g3 Nf6 7. Bg2 d6 8. 0-0 Be7 9. Be3 Nbd7 10. f4 0-0 11. g4 Nb6 12. g5 Nfd7 13. Qg4 Re8 14. Rf3 Nc4 15. Bf2 g6 16. Nxe6 Qa5 17. b4 Qxb4 18. Nd5 Qa5 19. Nec7 Nde5 20. Qh4 Nxf3+ 21. Bxf3 Be6 22. Bd4 Bxd5 23. Nxd5 h5 24. Bxh5 Ne5 25. Be2 Qd2 26. Qf2 Nc6 27. Bc3 Qxc2 28. Qh4 Ne5 29. fxe5 dxe5 30. Kf1 Bd8 31. Rd1 Re6 32. Rd3 Qc1+ 33. Rd1 Qxg5 34. Qxg5 Bxg5 35. Nc7 Rf6+ 36. Kg2 Rc8 37. Bxe5 Rc6 38. Rd7 Rd8 39. Rxd8+ Bxd8 40. Nd5 Rc2 41. Kf3 Rxa2 42. Ke3 Bg5+ 43. Kf3 b5 44. Bd6 Bd2 45. e5 Ra4 46. Bd1 Rd4 47. Nc7 Ba5 48. Be2 b4 49. Bc5 Rd2 50. Nxa6 b3 51. Bc4 b2 52. Ba2 Rd1 53. Ba3 Rd3+ 0-1

[Event "BL2-Sued 1819"]
[Site "Germany"]
[Date "2019.03.23"]
[Round "9.4"]
[White "Shytaj, Luca"]
[Black "Trussevich, Sergey"]
[Result "1-0"]
[WhiteElo "2479"]
[BlackElo "2287"]
[PlyCount "151"]
[EventDate "2018.11.10"]
[EventType "team-tourn"]
[EventRounds "10"]
[EventCountry "GER"]
[SourceTitle "CBM 190 Extra"]
[Source "ChessBase"]
[SourceDate "2019.07.15"]
[SourceVersion "1"]
[SourceVersionDate "2019.07.15"]
[SourceQuality "1"]
[WhiteTeam "Speyer Schwegenheim"]
[BlackTeam "Jedesheim"]
[WhiteTeamCountry "GER"]
[BlackTeamCountry "GER"]

1. Nc3 c5 2. e4 e6 3. Nf3 a6 4. d4 cxd4 5. Nxd4 Qc7 6. Bd3 Nf6 7. Qe2 d6 8. Bg5 Nbd7 9. 0-0-0 Be7 10. f4 0-0 11. Rhe1 Nc5 12. Nb3 Nxd3+ 13. Rxd3 Re8 14. Rg3 Rd8 15. Rf1 Re8 16. e5 Nd7 17. Bxe7 Rxe7 18. f5 exf5 19. Nd5 Qd8 20. Nxe7+ Qxe7 21. Nd4 Nxe5 22. Nxf5 Bxf5 23. Rxf5 Qe6 24. Qe4 Qh6+ 25. Qe3 Qe6 26. Qe4 Qh6+ 27. Qf4 Qe6 28. b3 g6 29. Rf6 Qe7 30. Qf2 Rc8 31. Rf4 Qc7 32. Kb2 b5 33. Qd2 Qc5 34. Rd4 Rc6 35. Rd5 Qb6 36. Rc3 Rxc3 37. Qxc3 Kf8 38. Rd2 Ke7 39. Qd4 Qc7 40. a3 h5 41. h3 Qc6 42. Rf2 Ke6 43. Qc3 Qb7 44. Rd2 Ke7 45. Rd4 Ke6 46. Qd2 Qb6 47. a4 Qc5 48. axb5 axb5 49. Qc3 Qb6 50. Qb4 Qc6 51. Rd2 Qa6 52. Qe4 Qc6 53. Qd4 f6 54. Rf2 Qc5 55. Rd2 f5 56. h4 Qxd4+ 57. Rxd4 Nc6 58. Rd1 f4 59. Kc3 d5 60. Ra1 d4+ 61. Kd2 Kf5 62. Ra6 Ne5 63. Rb6 f3 64. gxf3 Nxf3+ 65. Ke2 Nxh4 66. Rxb5+ Kg4 67. Rb8 Nf5 68. b4 h4 69. Kf2 Ne3 70. b5 Nxc2 71. b6 d3 72. b7 Nb4 73. Rd8 Nc6 74. Rxd3 h3 75. Rd6 h2 76. Kg2 1-0

[Event "BL2-Sued 1819"]
[Site "Germany"]
[Date "2019.02.03"]
[Round "6.4"]
[White "Halkias, Stelios"]
[Black "Trussevich, Sergey"]
[Result "1-0"]
[WhiteElo "2549"]
[BlackElo "2287"]
[PlyCount "103"]
[EventDate "2018.11.10"]
[EventType "team-tourn"]
[EventRounds "10"]
[EventCountry "GER"]
[SourceTitle "CBM 190 Extra"]
[Source "ChessBase"]
[SourceDate "2019.07.15"]
[SourceVersion "1"]
[SourceVersionDate "2019.07.15"]
[SourceQuality "1"]
[WhiteTeam "Baden-Baden II"]
[BlackTeam "Jedesheim"]
[WhiteTeamCountry "GER"]
[BlackTeamCountry "GER"]

1. Nf3 c5 2. c4 e6 3. g3 b6 4. Bg2 Bb7 5. 0-0 Nf6 6. Nc3 Be7 7. d4 cxd4 8. Qxd4 d6 9. Bg5 a6 10. Bxf6 Bxf6 11. Qf4 Ra7 12. Rfd1 Be7 13. Ne4 Bxe4 14. Qxe4 0-0 15. Nd4 Qc8 16. b3 Qc5 17. Rac1 Rc7 18. Rc2 Rfc8 19. Bh3 Qh5 20. Bg4 Qg6 21. Qxg6 hxg6 22. Nxe6 fxe6 23. Bxe6+ Kf8 24. Bxc8 Rxc8 25. h4 Nd7 26. Rcc1 g5 27. hxg5 Bxg5 28. f4 Be7 29. Kg2 Kf7 30. Kf3 Ke6 31. Rh1 a5 32. Rh5 Nc5 33. g4 Rf8 34. Rch1 Ra8 35. Rh8 Bf8 36. R1h7 Kf7 37. Rh5 Nd7 38. Rf5+ Ke6 39. e4 a4 40. g5 axb3 41. axb3 Rd8 42. Rd5 Rb8 43. Kg4 Rb7 44. Rf5 Ke7 45. Kh5 Rb8 46. Kg6 Re8 47. Rf7+ Kd8 48. Kf5 Kc8 49. Rxg7 Kd8 50. Rgg8 Ke7 51. g6 Nf6 52. Rxf8 1-0

[Event "Nova Gorica op 24th"]
[Site "Nova Gorica"]
[Date "2019.01.26"]
[Round "2"]
[White "Tadic, Stefan"]
[Black "Trussevich, Sergey"]
[Result "1-0"]
[WhiteElo "2163"]
[BlackElo "2287"]
[PlyCount "47"]
[EventDate "2019.01.25"]
[EventType "swiss"]
[EventRounds "9"]
[EventCountry "SLO"]
[SourceTitle "CBM 188 Extra"]
[Source "ChessBase"]
[SourceDate "2019.02.26"]
[SourceVersion "1"]
[SourceVersionDate "2019.02.26"]
[SourceQuality "1"]

1. e4 c5 2. Nc3 e6 3. Nf3 a6 4. d4 cxd4 5. Nxd4 Qc7 6. g3 b5 7. Bg2 Bb7 8. 0-0 Nf6 9. Re1 d6 10. a4 bxa4 11. Rxa4 Be7 12. Rb4 Nfd7 13. Rxb7 Qxb7 14. e5 d5 15. Nxd5 exd5 16. Nf5 Nb6 17. Bg5 Bc5 18. Nd6+ Bxd6 19. exd6+ Kf8 20. Re7 N8d7 21. Qh5 g6 22. Qf3 Ne5 23. Qf6 Qxe7 24. Qxh8# 1-0

[Event "Bled Planinc Memorial 1st"]
[Site "Bled"]
[Date "2018.11.24"]
[Round "5"]
[White "Trussevich, Sergey"]
[Black "Lind, Jan Olov"]
[Result "1-0"]
[WhiteElo "2282"]
[BlackElo "2215"]
[PlyCount "79"]
[EventDate "2018.11.24"]
[EventType "swiss (blitz)"]
[EventRounds "9"]
[EventCountry "SLO"]
[SourceTitle "CBM 187 Extra"]
[Source "ChessBase"]
[SourceDate "2018.11.04"]
[SourceVersion "1"]
[SourceVersionDate "2018.11.04"]
[SourceQuality "1"]

1. c4 c5 2. Nf3 Nc6 3. e3 e5 4. Nc3 g6 5. d4 d6 6. d5 Nce7 7. e4 Bg7 8. Bd3 Nf6 9. h3 a6 10. g4 h5 11. g5 Nh7 12. Be3 Rb8 13. Rb1 Nf8 14. a3 Nd7 15. b4 b6 16. Nd2 0-0 17. Nb3 f5 18. gxf6 Bxf6 19. Rg1 Kh7 20. Kd2 Bh4 21. Qe2 Qe8 22. bxc5 bxc5 23. Na5 Qf7 24. Kc2 Rxb1 25. Rxb1 Qf3 26. Nc6 Qxe2+ 27. Bxe2 Ng8 28. f3 Ndf6 29. Rb8 Kg7 30. Bf1 Nh7 31. Bg2 Ng5 32. Bxg5 Bxg5 33. Na7 Bd7 34. Rb7 Rf7 35. Rb6 Bxh3 36. Bxh3 Rxa7 37. Rxd6 Nf6 38. Rc6 Be3 39. d6 Bg5 40. Rc7+ 1-0

[Event "Bled Planinc Memorial 1st"]
[Site "Bled"]
[Date "2018.11.24"]
[Round "2"]
[White "Yakimenko, Alexander A"]
[Black "Trussevich, Sergey"]
[Result "0-1"]
[WhiteElo "2125"]
[BlackElo "2282"]
[PlyCount "56"]
[EventDate "2018.11.24"]
[EventType "swiss (blitz)"]
[EventRounds "9"]
[EventCountry "SLO"]
[SourceTitle "CBM 187 Extra"]
[Source "ChessBase"]
[SourceDate "2018.11.04"]
[SourceVersion "1"]
[SourceVersionDate "2018.11.04"]
[SourceQuality "1"]

1. e4 c5 2. Nf3 d6 3. Bb5+ Bd7 4. a4 Nc6 5. 0-0 Nf6 6. Re1 e5 7. c3 Be7 8. h3 0-0 9. d4 Qc7 10. Na3 a6 11. Bxc6 Bxc6 12. d5 Bd7 13. b4 b5 14. a5 Rfc8 15. Be3 Nxe4 16. Rc1 f5 17. Nd2 Nxd2 18. Bxd2 cxb4 19. cxb4 Qd8 20. Be3 Rxc1 21. Qxc1 Rc8 22. Qb2 f4 23. Bb6 Qe8 24. Rc1 Bf5 25. f3 e4 26. fxe4 Bxe4 27. Rf1 Qg6 28. Rxf4 Rc2 0-1

[Event "BL2-Sued 1819"]
[Site "Germany"]
[Date "2018.11.11"]
[Round "2.5"]
[White "Spitzl, Vinzent"]
[Black "Trussevich, Sergey"]
[Result "0-1"]
[WhiteElo "2277"]
[BlackElo "2287"]
[PlyCount "82"]
[EventDate "2018.11.10"]
[EventType "team-tourn"]
[EventRounds "10"]
[EventCountry "GER"]
[SourceTitle "CBM 190 Extra"]
[Source "ChessBase"]
[SourceDate "2019.07.15"]
[SourceVersion "1"]
[SourceVersionDate "2019.07.15"]
[SourceQuality "1"]
[WhiteTeam "Griesheim"]
[BlackTeam "Jedesheim"]
[WhiteTeamCountry "GER"]
[BlackTeamCountry "GER"]

1. e4 c5 2. Nf3 e6 3. d4 cxd4 4. Nxd4 a6 5. g3 b6 6. Bg2 Bb7 7. c4 Qc7 8. 0-0 Nf6 9. Qe2 d6 10. b3 Be7 11. Bb2 0-0 12. Nc3 Nc6 13. Rfd1 Rfe8 14. Rac1 Nxd4 15. Rxd4 Rac8 16. h3 Bf8 17. Rd2 Nd7 18. Rcd1 Qb8 19. Qe3 Nc5 20. h4 Ba8 21. h5 h6 22. Qe2 Bc6 23. b4 Na4 24. Nxa4 Bxa4 25. Rc1 b5 26. e5 Rxc4 27. Rxc4 bxc4 28. exd6 Qxb4 29. a3 Qa5 30. Qe3 Rd8 31. Bc3 Qb5 32. Qf4 Qb3 33. Qe5 Qxa3 34. Bb2 Qb4 35. Bc3 Qb8 36. Qa5 Bb5 37. Qc7 Rc8 38. Ba5 c3 39. Qxb8 cxd2 40. Qxc8 d1Q+ 41. Kh2 Qxh5+ 0-1

[Event "Oberliga Wuerttemberg 1718"]
[Site "Wuerttemberg"]
[Date "2018.02.18"]
[Round "7.6"]
[White "Trussevich, Sergey"]
[Black "Thoma, Christian"]
[Result "1/2-1/2"]
[WhiteElo "2244"]
[BlackElo "2214"]
[PlyCount "94"]
[EventDate "2017.09.17"]
[EventType "team-tourn"]
[EventRounds "9"]
[EventCountry "GER"]
[SourceTitle "EXT 2019"]
[Source "ChessBase"]
[SourceDate "2018.10.10"]
[SourceVersion "1"]
[SourceVersionDate "2018.10.10"]
[SourceQuality "1"]
[WhiteTeam "Jedesheim"]
[BlackTeam "Schmiden Cannstatt"]
[WhiteTeamCountry "GER"]
[BlackTeamCountry "GER"]

1. Nf3 Nf6 2. c4 b6 3. Nc3 Bb7 4. g3 e6 5. Bg2 Be7 6. d4 Ne4 7. Qb3 0-0 8. 0-0 Nxc3 9. Qxc3 d6 10. Rd1 c5 11. d5 exd5 12. cxd5 Nd7 13. Qc2 Re8 14. e4 Bf6 15. Bf4 Qe7 16. Re1 b5 17. a4 b4 18. Rab1 Rac8 19. Nd2 Ba6 20. Bf1 Bxf1 21. Kxf1 g5 22. Be3 Ne5 23. b3 g4 24. Bf4 Ng6 25. Nc4 Rcd8 26. Kg2 Be5 27. Bxe5 Nxe5 28. Nxe5 Qxe5 29. Re3 Re7 30. Qe2 Qh5 31. Kg1 Rde8 32. h4 Qg6 33. Re1 Re5 34. Qc4 R8e7 35. R1e2 Kg7 36. Kf1 Kh6 37. Qd3 Kg7 38. Re1 h6 39. Kg2 Rc7 40. Qc4 Rce7 41. Qd3 Qh7 42. R1e2 Qg8 43. Re1 Qc8 44. R1e2 Rc7 45. Qc4 Qb7 46. Rc2 Rce7 47. Rce2 Rc7 1/2-1/2

[Event "Nova Gorica op 23rd"]
[Site "Nova Gorica"]
[Date "2018.01.31"]
[Round "8"]
[White "Ursic, Mateja"]
[Black "Trussevich, Sergey"]
[Result "0-1"]
[WhiteElo "2039"]
[BlackElo "2244"]
[PlyCount "120"]
[EventDate "2018.01.26"]
[EventType "swiss"]
[EventRounds "9"]
[EventCountry "SLO"]
[SourceTitle "CBM 182 Extra"]
[Source "ChessBase"]
[SourceDate "2018.02.23"]
[SourceVersion "1"]
[SourceVersionDate "2018.02.23"]
[SourceQuality "1"]

1. e4 c5 2. Nc3 e6 3. f4 Nc6 4. Nf3 a6 5. d3 g6 6. g3 Bg7 7. Bg2 Nge7 8. 0-0 d6 9. Kh1 Rb8 10. Ne2 0-0 11. g4 f5 12. gxf5 gxf5 13. Ng3 Qe8 14. c3 Kh8 15. Qe2 Bd7 16. Bd2 b5 17. Rae1 b4 18. exf5 Nxf5 19. Nxf5 exf5 20. Ng5 Qg6 21. Qf2 h6 22. Nf3 bxc3 23. Bxc3 Rfe8 24. Nh4 Qf7 25. Bxg7+ Kxg7 26. b3 Nd4 27. Nf3 Ne6 28. Nd2 Nd4 29. Nc4 Qf6 30. Bd5 Kh7 31. Rg1 Rxe1 32. Rxe1 Nc6 33. Rg1 Ne7 34. Bf3 Rg8 35. Rxg8 Nxg8 36. h3 Qe6 37. Qe3 Qf6 38. Kh2 Ne7 39. Nb6 Be6 40. Nc4 Bf7 41. Qe2 Ng6 42. Qe3 Bxc4 43. dxc4 Qh4 44. a4 a5 45. Bd5 Qxf4+ 46. Qxf4 Nxf4 47. Bf3 Kg6 48. Kg3 Ne6 49. Bd1 Kg5 50. h4+ Kf6 51. Kf2 Ke5 52. Ke3 Nd4 53. Kd3 f4 54. h5 Ne6 55. Bf3 Kf5 56. Bd5 Ng7 57. Bf7 Ke5 58. Bg6 Ne6 59. Bh7 Nd4 60. Bg6 Nxb3 0-1

[Event "Nova Gorica op 23rd"]
[Site "Nova Gorica"]
[Date "2018.01.30"]
[Round "7"]
[White "Trussevich, Sergey"]
[Black "Vorobiov, Evgeny E"]
[Result "0-1"]
[WhiteElo "2244"]
[BlackElo "2547"]
[PlyCount "102"]
[EventDate "2018.01.26"]
[EventType "swiss"]
[EventRounds "9"]
[EventCountry "SLO"]
[SourceTitle "CBM 182 Extra"]
[Source "ChessBase"]
[SourceDate "2018.02.23"]
[SourceVersion "1"]
[SourceVersionDate "2018.02.23"]
[SourceQuality "1"]

1. Nf3 c5 2. c4 g6 3. d4 cxd4 4. Nxd4 Bg7 5. e4 Nc6 6. Be3 Nf6 7. Nc3 0-0 8. Be2 d6 9. 0-0 Bd7 10. Qd2 Nxd4 11. Bxd4 Bc6 12. f3 a5 13. b3 Nd7 14. Be3 Nc5 15. Rab1 e6 16. Rfd1 Be5 17. Bd4 Qb6 18. Bf2 Qb4 19. Nb5 Bxb5 20. cxb5 Rfd8 21. Qc1 Rac8 22. Be1 Nd3 23. Bxb4 Nxc1 24. Rbxc1 axb4 25. Rc4 Rxc4 26. Bxc4 Kf8 27. Kf2 Ke7 28. Rc1 Rc8 29. Rc2 d5 30. Bd3 Rxc2+ 31. Bxc2 Bxh2 32. Ke3 dxe4 33. Bxe4 b6 34. Bc6 Bg3 35. Ke4 f5+ 36. Kd4 h5 37. Kc4 Bd6 38. Kd3 g5 39. Ke2 g4 40. Kf2 Kf6 41. g3 e5 42. Bd7 Bc5+ 43. Kg2 Be3 44. Bc6 Bg5 45. Be8 gxf3+ 46. Kxf3 h4 47. g4 e4+ 48. Kg2 f4 49. Bc6 Ke5 50. Be8 f3+ 51. Kf2 Kf4 0-1

[Event "Nova Gorica op 23rd"]
[Site "Nova Gorica"]
[Date "2018.01.27"]
[Round "3"]
[White "Trussevich, Sergey"]
[Black "Cokan, Mirko"]
[Result "1-0"]
[WhiteElo "2244"]
[BlackElo "1696"]
[PlyCount "53"]
[EventDate "2018.01.26"]
[EventType "swiss"]
[EventRounds "9"]
[EventCountry "SLO"]
[SourceTitle "CBM 182 Extra"]
[Source "ChessBase"]
[SourceDate "2018.02.23"]
[SourceVersion "1"]
[SourceVersionDate "2018.02.23"]
[SourceQuality "1"]

1. d4 d5 2. c4 e6 3. Nc3 c6 4. e3 Nd7 5. Bd3 Ngf6 6. Nf3 Be7 7. 0-0 0-0 8. Qc2 Re8 9. a3 dxc4 10. Bxc4 b5 11. Bd3 Bb7 12. e4 Nf8 13. b4 a6 14. Bg5 Rc8 15. e5 Nd5 16. Ne4 f6 17. exf6 Bxf6 18. Bxf6 Nxf6 19. Nc5 Qe7 20. Rfe1 Nd5 21. Qd2 Rc7 22. Re2 Bc8 23. Ne5 Qf6 24. g3 Ne7 25. Ne4 Qh6 26. Qxh6 gxh6 27. Nf6+ 1-0